| 000 | 00745nam a2200217Ia 4500 | ||
|---|---|---|---|
| 008 | 191130s2005##################000#0#eng## | ||
| 020 | _a9780898715736 | ||
| 022 | _a2005046506 | ||
| 040 |
_aACL _cACL |
||
| 082 | _a33645301519 ACH | ||
| 100 | _aAchdou, Yves | ||
| 245 |
_aComputational methods for option pricing _cYves Achdou, Olivier Pironneau |
||
| 260 |
_aPhiladelphia, PA _bSociety for Industrial and Applied Mathematics _cc2005 |
||
| 300 | _axviii, 297 p. : ill. ; 26 cm | ||
| 500 | _aIncludes bibliographical references (p. 287-294) and index | ||
| 650 | _aOptions (Finance) - Prices - Mathematical models | ||
| 700 | _aPironneau, Olivier | ||
| 990 | _a570612a6ac10000c246958836cd23bb7 | ||
| 991 | _a171343 | ||
| 999 |
_c135771 _d135771 |
||